000 00477nam a2200169Ia 4500
001 15813
008 140403s9999 xx 000 0 und d
020 _a0-72252698-9
040 _cPK-LaUMT
082 _a 613
_bING-P
100 _aChristine Ingham
245 _aPanic attacks:
_bWhat they are, why they happen, and what you can do about them.
_cChristine Ingham
260 _aLondon,UK:
_bHarper Collins Publishers,
_c1993
300 _a192 p.
546 _aEN
942 _cBK
999 _c16290
_d16290